Procedimiento de auditoría en oportunidad de la fecha de cierre de los estados contables

Guardado en:
Detalles Bibliográficos
Autor principal: Gamondés, Santiago F.
Formato: Desconocido
Aporte de:Registro referencial: Solicitar el recurso aquí
LEADER 00358 a2200109 4500
001 ART_7236
005 20260410161623.0
008 260409a
245 1 0 |a Procedimiento de auditoría en oportunidad de la fecha de cierre de los estados contables 
100 1 |a Gamondés, Santiago F. 
773 0 |t Enfoques  |g - Nº 10 (oct. 2011)  |w REV416 
999 |c 11731  |d 11731